000
00306nam a2200145Ia 4500
100
_a
Jolley
942
_c
BK
366
_f
20
245
_a
It only takes a minute to change your life
260
_b
Manjul
_c
2012
082
_a
808.83
_b
JOL
300
_a
212
546
_a
MARATHI
_c
Computers
999
_c
19641
_d
19641